Statistiques concernant Top 15 des pays avec les décès de Covid-19 - 3 juin

Cliquez ici pour prendre le quiz!

Statistiques générales

  • Ce quiz a été pris 17 fois
  • Le résultat moyen est 14 sur 20

Statistiques - réponses

pays% Correct
Etats-Unis
100%
France
100%
Espagne
94%
Russie
94%
Allemagne
88%
Italie
88%
Belgique
82%
Brésil
76%
Canada
76%
Mexique
76%
Royaume-Uni
76%
Inde
71%
Suisse
65%
Irlande
59%
Portugal
59%
Suède
59%
Pays-Bas
53%
Iran
41%
Pérou
35%
Équateur
18%

Distribution des résultats

Percentile par nombre de réponses

% des personnes avec chaque résultat

Votre développement - résultats

Vous n’avez pas pris ce quiz